000 00312 a2200121 4500
001 146902
040 _cEscola São Tomás de Aquino
100 _aBRANCO, Samuel Murgel
240 1 0 _aAventuras de uma gota d'água
_lpor
245 1 0 _aAventuras de uma gota d'água
697 _a*LITERATURA INFANTO
942 _cBK
999 _c146902
_d146902